000 00479cam a22001457a 4500
008 180718b2006 xxu||||| |||| 00| 0 eng d
082 _aQ31 S78
100 _aSuri, B.K.
245 _aPoverty: an annotated bibliography of books
_cby B.K. Suri, Sunita Gulati and H.C. Yadav
260 _aNew Delhi
_bIndian Institute of Public Administration and Chronic Poverty Research Centre
_c2006
300 _a99p.
650 _aPoverty
700 _aYadav, H.C.
700 _aGulati, Sunita
999 _c493472
_d493472